[Event "Szuperliga - GM Szabo Laszlo"]
[Site "Gyongyossolymos"]
[Date "2024.03.03"]
[Round "5.4"]
[White "Bakos, Balazs"]
[Black "Torma, Robert"]
[Result "1-0"]
[WhiteElo "2363"]
[BlackElo "2413"]
[PlyCount "55"]
[EventDate "2023.10.28"]
[EventType "team-tourn"]
[EventRounds "9"]
[EventCountry "HUN"]
[Source "chess.hu"]
[WhiteTeam "Kekesi SE"]
[BlackTeam "Viadukt Biatorbagy"]
[WhiteTeamCountry "HUN"]
[BlackTeamCountry "HUN"]

1. d4 Nf6 2. c4 e6 3. Nf3 a6 4. Bg5 h6 5. Bh4 c5 6. e3 cxd4 7. exd4 d5 8. cxd5
Qa5+ 9. Nbd2 Nxd5 10. Bc4 Nc6 11. O-O Be7 12. Bg3 O-O 13. a3 Qb6 14. Ba2 Rd8
15. Nc4 Qa7 16. Qe2 Nxd4 17. Nxd4 Qxd4 18. Rad1 Qa7 19. Rfe1 Bf6 20. Be5 Bxe5
21. Nxe5 Qc5 22. Qf3 Qc7 23. Rc1 Qe7 24. Bxd5 Rxd5 25. Ng6 Qd8 26. Ne7+ Qxe7
27. Qxd5 Qf6 28. Qd6 1-0

[Event "Szuperliga - GM Szabo Laszlo"]
[Site "Gyongyossolymos"]
[Date "2024.03.03"]
[Round "5.5"]
[White "Fogarasi, Tibor"]
[Black "Istvanovszki, Martin"]
[Result "1/2-1/2"]
[WhiteElo "2301"]
[BlackElo "2304"]
[PlyCount "58"]
[EventDate "2023.10.28"]
[EventType "team-tourn"]
[EventRounds "9"]
[EventCountry "HUN"]
[Source "chess.hu"]
[WhiteTeam "Viadukt Biatorbagy"]
[BlackTeam "Kekesi SE"]
[WhiteTeamCountry "HUN"]
[BlackTeamCountry "HUN"]

1. e4 c5 2. Nf3 d6 3. d4 cxd4 4. Nxd4 Nf6 5. Nc3 g6 6. Be3 Nc6 7. Be2 Bg7 8.
Qd2 O-O 9. O-O-O Bd7 10. f3 Rc8 11. g4 Ne5 12. h4 Qa5 13. Kb1 Rxc3 14. Qxc3
Qxc3 15. bxc3 Rc8 16. Kb2 Be8 17. h5 Nfd7 18. hxg6 hxg6 19. Bg5 Nb6 20. Bxe7
Na4+ 21. Kc1 Nxc3 22. Rd2 Ba4 23. g5 Nxa2+ 24. Kd1 Nc3+ 25. Ke1 Nb1 26. Rd1 Nc3
27. Rd2 Nb1 28. Rd1 Nc3 29. Rd2 Nb1 1/2-1/2

[Event "Szuperliga - GM Szabo Laszlo"]
[Site "Gyongyossolymos"]
[Date "2024.03.03"]
[Round "5.6"]
[White "Bohati, Tamas"]
[Black "Vanczak, Tamas"]
[Result "1/2-1/2"]
[WhiteElo "2266"]
[BlackElo "2431"]
[PlyCount "102"]
[EventDate "2023.10.28"]
[EventType "team-tourn"]
[EventRounds "9"]
[EventCountry "HUN"]
[Source "chess.hu"]
[WhiteTeam "Kekesi SE"]
[BlackTeam "Viadukt Biatorbagy"]
[WhiteTeamCountry "HUN"]
[BlackTeamCountry "HUN"]

1. d4 d5 2. Nf3 e6 3. c4 a6 4. cxd5 exd5 5. Nc3 c6 6. Bg5 Be7 7. Bxe7 Nxe7 8.
e3 Bf5 9. Bd3 Nd7 10. O-O O-O 11. b4 Bxd3 12. Qxd3 f5 13. a4 Rf6 14. Rfb1 Rc8
15. b5 axb5 16. axb5 c5 17. dxc5 Nxc5 18. Qd4 f4 19. Ra2 Ne6 20. Qd3 fxe3 21.
fxe3 Qb6 22. Nxd5 Nxd5 23. Qxd5 Qxe3+ 24. Kh1 Rf7 25. h3 Rd8 26. Qb3 Qxb3 27.
Rxb3 h6 28. Re3 Nf4 29. Ra7 Rd5 30. Re8+ Kh7 31. Re5 Rxe5 32. Nxe5 Rf5 33. Nc4
Rxb5 34. Nd6 Rb1+ 35. Kh2 Rb2 36. Kg3 Ne2+ 37. Kh2 Nf4 38. Kg3 Ne2+ 39. Kh2 Nf4
40. Kg3 Nh5+ 41. Kf3 b6 42. Rb7 Rb3+ 43. Kf2 Nf4 44. Ne8 Rb2+ 45. Kg3 Nh5+ 46.
Kh4 Re2 47. Kxh5 Rxe8 48. Rxb6 Re2 49. g4 Re5+ 50. Kh4 Re3 51. Rb7 Kg6 1/2-1/2

[Event "Szuperliga - GM Szabo Laszlo"]
[Site "Gyongyossolymos"]
[Date "2024.03.03"]
[Round "5.7"]
[White "Pribelszky, Bence"]
[Black "Blasko, Istvan"]
[Result "1/2-1/2"]
[WhiteElo "2354"]
[BlackElo "2251"]
[PlyCount "99"]
[EventDate "2023.10.28"]
[EventType "team-tourn"]
[EventRounds "9"]
[EventCountry "HUN"]
[Source "chess.hu"]
[WhiteTeam "Viadukt Biatorbagy"]
[BlackTeam "Kekesi SE"]
[WhiteTeamCountry "HUN"]
[BlackTeamCountry "HUN"]

1. e4 c5 2. Nf3 d6 3. d4 cxd4 4. Nxd4 Nf6 5. Nc3 Nc6 6. Bc4 Na5 7. Bb5+ Bd7 8.
Bg5 e6 9. Bxf6 gxf6 10. Qh5 Nc6 11. O-O-O a6 12. Bc4 Qa5 13. Qe2 Nxd4 14. Rxd4
Qg5+ 15. Kb1 Qxg2 16. Rdd1 Qg5 17. Rd3 b5 18. Rg3 Qe5 19. Bd3 h5 20. Rhg1 Rc8
21. Qf1 Bh6 22. Ne2 Ke7 23. f4 Qc5 24. Qf3 Bc6 25. Rh3 f5 26. Rxh5 fxe4 27. Qh3
Qb6 28. Rxh6 Rxh6 29. Qxh6 exd3 30. cxd3 Qe3 31. Qg5+ Kd7 32. Nc1 Bd5 33. h4
Qd2 34. f5 Qxg5 35. fxe6+ Kxe6 36. hxg5 Bf3 37. Nb3 Bh5 38. Nd4+ Kd7 39. Rg3
Bg6 40. Ne2 Rc4 41. Nc3 Rh4 42. Nd5 Rd4 43. Nf6+ Kc6 44. Kc2 b4 45. a3 bxa3 46.
bxa3 Kb5 47. Kc3 Ra4 48. Kb3 Rd4 49. Kc3 Ra4 50. Kb3 1/2-1/2

[Event "Szuperliga - GM Szabo Laszlo"]
[Site "Gyongyossolymos"]
[Date "2024.03.03"]
[Round "5.8"]
[White "Radnai, Adam"]
[Black "Szeberenyi, Adam"]
[Result "1/2-1/2"]
[WhiteElo "2255"]
[BlackElo "2260"]
[PlyCount "67"]
[EventDate "2023.10.28"]
[EventType "team-tourn"]
[EventRounds "9"]
[EventCountry "HUN"]
[Source "chess.hu"]
[WhiteTeam "Kekesi SE"]
[BlackTeam "Viadukt Biatorbagy"]
[WhiteTeamCountry "HUN"]
[BlackTeamCountry "HUN"]

1. d4 Nf6 2. Bf4 d5 3. e3 c5 4. Nf3 Nc6 5. c3 Qb6 6. Qc2 g6 7. Nbd2 Bg7 8. h3
O-O 9. Be2 Bf5 10. dxc5 Qxc5 11. Qb3 Ne4 12. Nxe4 Bxe4 13. O-O e5 14. Bh2 d4
15. Nd2 Bd5 16. c4 Be6 17. Ne4 Qe7 18. Qb5 Rad8 19. c5 Bd5 20. Nd6 dxe3 21.
fxe3 Qg5 22. e4 Nd4 23. Qd3 Bc6 24. Bf3 b6 25. b4 bxc5 26. bxc5 Rb8 27. Rab1
Rxb1 28. Rxb1 Ne6 29. Kh1 Qe7 30. Bg1 Nd4 31. Qa6 Qd7 32. Bxd4 exd4 33. Bg4 Qc7
34. Rf1 1/2-1/2

[Event "Szuperliga - GM Szabo Laszlo"]
[Site "Gyongyossolymos"]
[Date "2024.03.03"]
[Round "5.9"]
[White "Erdos, Boglarka"]
[Black "Onodi, Miklos"]
[Result "1-0"]
[WhiteElo "2114"]
[BlackElo "1986"]
[PlyCount "51"]
[EventDate "2023.10.28"]
[EventType "team-tourn"]
[EventRounds "9"]
[EventCountry "HUN"]
[Source "chess.hu"]
[WhiteTeam "Viadukt Biatorbagy"]
[BlackTeam "Kekesi SE"]
[WhiteTeamCountry "HUN"]
[BlackTeamCountry "HUN"]

1. e4 Nf6 2. e5 Nd5 3. d4 d6 4. Nf3 Nb6 5. a4 a5 6. exd6 cxd6 7. Nc3 g6 8. Bb5+
Bd7 9. O-O Bg7 10. Re1 O-O 11. Qe2 Re8 12. Ne4 Qc7 13. c3 f5 14. Neg5 e5 15.
dxe5 dxe5 16. Be3 Bf6 17. Bxb6 Qxb6 18. Qc4+ Be6 19. Nxe6 Qxe6 20. Qxe6+ Rxe6
21. Bc4 Raa6 22. Nxe5 Kg7 23. Bxe6 Rxe6 24. Nc4 Ra6 25. Rad1 Kg8 26. Rd6 1-0

[Event "Szuperliga - GM Szabo Laszlo"]
[Site "Gyongyossolymos"]
[Date "2024.03.03"]
[Round "5.10"]
[White "Balsai, Nikolett"]
[Black "Makay, Mark Janos"]
[Result "0-1"]
[WhiteElo "1972"]
[BlackElo "2042"]
[PlyCount "84"]
[EventDate "2023.10.28"]
[EventType "team-tourn"]
[EventRounds "9"]
[EventCountry "HUN"]
[Source "chess.hu"]
[WhiteTeam "Kekesi SE"]
[BlackTeam "Viadukt Biatorbagy"]
[WhiteTeamCountry "HUN"]
[BlackTeamCountry "HUN"]

1. b3 Nf6 2. Bb2 d5 3. e3 Bf5 4. Nf3 e6 5. Be2 h6 6. Na3 Be7 7. c4 c6 8. Nd4
Bg6 9. O-O O-O 10. f4 Qa5 11. Nac2 Ne4 12. d3 Nc3 13. Qe1 Nxe2+ 14. Qxe2 Bf6
15. b4 Qb6 16. Rab1 dxc4 17. dxc4 Be4 18. c5 Qa6 19. Qxa6 Nxa6 20. a3 Nc7 21.
Rbc1 Nd5 22. Kf2 a5 23. bxa5 Rxa5 24. Nb3 Ra4 25. Bxf6 gxf6 26. Nd2 Bd3 27.
Rfe1 Rfa8 28. g3 f5 29. Nf3 R8a5 30. Ne5 Be4 31. Nd7 Rc4 32. Nd4 Rxc1 33. Rxc1
Rxa3 34. Re1 Nc3 35. g4 Ra2+ 36. Kg3 Rg2+ 37. Kh4 Rxg4+ 38. Kh5 Nd5 39. Ra1 Kg7
40. Ra7 Rg2 41. h4 Rd2 42. Ra3 Rxd4 0-1

[Event "Szuperliga - GM Szabo Laszlo"]
[Site "Paks"]
[Date "2024.03.03"]
[Round "5.1"]
[White "Mihok, Oliver"]
[Black "Papp, Gabor"]
[Result "1/2-1/2"]
[WhiteElo "2549"]
[BlackElo "2558"]
[PlyCount "66"]
[EventDate "2023.10.28"]
[EventType "team-tourn"]
[EventRounds "9"]
[EventCountry "HUN"]
[Source "chess.hu"]
[WhiteTeam "Duocor-Makoi SVSE"]
[BlackTeam "ASE Paks"]
[WhiteTeamCountry "HUN"]
[BlackTeamCountry "HUN"]

1. e4 e5 2. Nf3 Nc6 3. d4 exd4 4. Nxd4 Nf6 5. Nxc6 bxc6 6. e5 Qe7 7. Qe2 Nd5 8.
h4 Qe6 9. Nd2 d6 10. exd6 Nb4 11. Ne4 Ba6 12. c4 cxd6 13. Rh3 d5 14. Nf6+ Kd8
15. Re3 Qxf6 16. Re8+ Kc7 17. Rxa8 Nd3+ 18. Qxd3 Bb4+ 19. Bd2 Bxd2+ 20. Qxd2
Qe5+ 21. Qe3 Qxe3+ 22. fxe3 Rxa8 23. cxd5 Bxf1 24. Kxf1 cxd5 25. Ke2 Rb8 26. b3
Kd6 27. Rf1 f6 28. Rf4 a5 29. Ra4 Rb5 30. Kd3 Ke5 31. g3 h5 32. Ke2 Rc5 33. Kd2
g5 1/2-1/2

[Event "Szuperliga - GM Szabo Laszlo"]
[Site "Paks"]
[Date "2024.03.03"]
[Round "5.2"]
[White "Berkes, Ferenc"]
[Black "Kosic, Dragan"]
[Result "1-0"]
[WhiteElo "2610"]
[BlackElo "2379"]
[PlyCount "99"]
[EventDate "2023.10.28"]
[EventType "team-tourn"]
[EventRounds "9"]
[EventCountry "HUN"]
[Source "chess.hu"]
[WhiteTeam "ASE Paks"]
[BlackTeam "Duocor-Makoi SVSE"]
[WhiteTeamCountry "HUN"]
[BlackTeamCountry "HUN"]

1. d4 Nf6 2. c4 e6 3. Nc3 Bb4 4. e3 c5 5. Bd3 Nc6 6. Nf3 cxd4 7. exd4 d5 8.
cxd5 exd5 9. O-O O-O 10. h3 Re8 11. Bg5 Be6 12. Re1 h6 13. Bh4 Rc8 14. Rc1 Bf8
15. a3 a6 16. Bb1 g5 17. Bg3 Bg7 18. Ne5 Ne7 19. f4 Nf5 20. Bxf5 Bxf5 21. fxg5
hxg5 22. Rf1 Be6 23. Kh2 Ne4 24. Nxe4 Rxc1 25. Nf6+ Qxf6 26. Qxc1 Qe7 27. Qd1
Rc8 28. Qh5 Rc2 29. h4 g4 30. Bf4 Rxb2 31. Nxg4 Bxg4 32. Qxg4 Qe6 33. Qg3 Qg6
34. Bg5 Bxd4 35. Rd1 Bg7 36. Rxd5 f6 37. Bf4 Qxg3+ 38. Kxg3 f5 39. Rxf5 Rb3+
40. Kg4 Rxa3 41. h5 Ra2 42. g3 Rc2 43. h6 Bb2 44. Kh5 b5 45. g4 b4 46. g5 b3
47. g6 Rc8 48. h7+ Kh8 49. Be5+ Bxe5 50. Rxe5 1-0

[Event "Szuperliga - GM Szabo Laszlo"]
[Site "Paks"]
[Date "2024.03.03"]
[Round "5.3"]
[White "Horvath, Zsolt"]
[Black "Acs, Peter"]
[Result "1/2-1/2"]
[WhiteElo "2384"]
[BlackElo "2580"]
[PlyCount "61"]
[EventDate "2023.10.28"]
[EventType "team-tourn"]
[EventRounds "9"]
[EventCountry "HUN"]
[Source "chess.hu"]
[WhiteTeam "Duocor-Makoi SVSE"]
[BlackTeam "ASE Paks"]
[WhiteTeamCountry "HUN"]
[BlackTeamCountry "HUN"]

1. d4 Nf6 2. Bf4 d6 3. Nc3 Nbd7 4. Nf3 c5 5. d5 Nh5 6. Bd2 g6 7. e4 Bg7 8. Be2
a6 9. a4 Ne5 10. Ng1 Nf6 11. f4 Ned7 12. Nh3 O-O 13. O-O Ne8 14. Be3 b6 15. Qd2
Rb8 16. Rab1 Nc7 17. Nf2 f5 18. exf5 gxf5 19. Nfd1 a5 20. Bf2 Nf6 21. Ne3 Qe8
22. Bh4 Bd7 23. Kh1 Qf7 24. Rbd1 Kh8 25. Qe1 Rfe8 26. Qg3 Ne4 27. Nxe4 fxe4 28.
b3 Rg8 29. f5 Be5 30. Qh3 Rg7 31. Ng4 1/2-1/2

[Event "Szuperliga - GM Szabo Laszlo"]
[Site "Paks"]
[Date "2024.03.03"]
[Round "5.5"]
[White "Szalai, Kornel"]
[Black "Kaczur, Florian"]
[Result "0-1"]
[WhiteElo "2382"]
[BlackElo "2523"]
[PlyCount "70"]
[EventDate "2023.10.28"]
[EventType "team-tourn"]
[EventRounds "9"]
[EventCountry "HUN"]
[Source "chess.hu"]
[WhiteTeam "Duocor-Makoi SVSE"]
[BlackTeam "ASE Paks"]
[WhiteTeamCountry "HUN"]
[BlackTeamCountry "HUN"]

1. Nf3 d5 2. d4 Nf6 3. c4 e6 4. g3 dxc4 5. Qa4+ Nbd7 6. Bg2 a6 7. Nc3 Rb8 8.
Qxc4 b5 9. Qd3 Bb7 10. O-O Bd6 11. Rd1 O-O 12. b3 Qe7 13. Bb2 Rfd8 14. Ng5 Bxg2
15. Kxg2 c5 16. Nce4 c4 17. bxc4 bxc4 18. Qc2 h6 19. Nxd6 Qxd6 20. Nf3 Rdc8 21.
Rac1 Qd5 22. Ba1 Ne4 23. Kg1 Qf5 24. Rf1 Ndf6 25. Nh4 Qg5 26. Ng2 Nd6 27. Rfd1
Nd5 28. e4 Nb4 29. Qe2 Nd3 30. Rc2 Qg6 31. f3 f5 32. e5 Nb5 33. a4 Na7 34. Rxc4
Rxc4 35. Qxd3 Rbc8 0-1

[Event "Szuperliga - GM Szabo Laszlo"]
[Site "Paks"]
[Date "2024.03.03"]
[Round "5.6"]
[White "Krstulovic, Alex"]
[Black "Tatar Kis, Szabolcs"]
[Result "1-0"]
[WhiteElo "2431"]
[BlackElo "2348"]
[PlyCount "63"]
[EventDate "2023.10.28"]
[EventType "team-tourn"]
[EventRounds "9"]
[EventCountry "HUN"]
[Source "chess.hu"]
[WhiteTeam "ASE Paks"]
[BlackTeam "Duocor-Makoi SVSE"]
[WhiteTeamCountry "HUN"]
[BlackTeamCountry "HUN"]

1. d4 Nf6 2. c4 g6 3. Nc3 Bg7 4. e4 d6 5. Nf3 O-O 6. Bd3 Nc6 7. d5 Nb4 8. Bb1
c6 9. h3 cxd5 10. cxd5 e6 11. a3 Na6 12. dxe6 Bxe6 13. Nd4 Re8 14. O-O Bd7 15.
b4 Rc8 16. Bb2 Qb6 17. Ba2 Nc5 18. Re1 Ncxe4 19. Nxe4 Rxe4 20. Qb3 Rxe1+ 21.
Rxe1 d5 22. Nf3 Be6 23. Bd4 Qc7 24. Ng5 Bf5 25. Qb2 Qd8 26. Bb3 h6 27. Nf3 b6
28. Ne5 Qd6 29. g4 Be6 30. Nxg6 Nxg4 31. hxg4 Bxd4 32. Qxd4 1-0

[Event "Szuperliga - GM Szabo Laszlo"]
[Site "Paks"]
[Date "2024.03.03"]
[Round "5.7"]
[White "Terbe, Julianna"]
[Black "Lizak, Peter"]
[Result "1/2-1/2"]
[WhiteElo "2289"]
[BlackElo "2407"]
[PlyCount "82"]
[EventDate "2023.10.28"]
[EventType "team-tourn"]
[EventRounds "9"]
[EventCountry "HUN"]
[Source "chess.hu"]
[WhiteTeam "Duocor-Makoi SVSE"]
[BlackTeam "ASE Paks"]
[WhiteTeamCountry "HUN"]
[BlackTeamCountry "HUN"]

1. Nf3 d5 2. d4 Nf6 3. c4 c6 4. g3 Bf5 5. Nc3 e6 6. Nh4 Be4 7. f3 Bg6 8. Qb3
Qd7 9. Nxg6 hxg6 10. Bg2 dxc4 11. Qxc4 b5 12. Qd3 Na6 13. Be3 Be7 14. O-O O-O
15. Rfd1 Rfd8 16. Bf2 Rab8 17. e4 Qe8 18. Qe2 c5 19. a4 cxd4 20. Rxd4 Rxd4 21.
Bxd4 Nc5 22. Be5 Rd8 23. axb5 Nd3 24. Bf4 Nxf4 25. gxf4 Bc5+ 26. Kh1 Nh5 27.
Qc4 Bb6 28. f5 gxf5 29. exf5 exf5 30. Qh4 g6 31. f4 Qe3 32. Nd5 Qd4 33. Ne7+
Kf8 34. Nxf5 Qxf4 35. Qe7+ Kg8 36. Rf1 Qd2 37. Nh4 Qd7 38. Nxg6 Qxe7 39. Nxe7+
Kf8 40. Nd5 Bd4 41. Bf3 Nf6 1/2-1/2

[Event "Szuperliga - GM Szabo Laszlo"]
[Site "Paks"]
[Date "2024.03.03"]
[Round "5.8"]
[White "Lazarne Vajda, Szidonia"]
[Black "Udvardi, Zalan"]
[Result "1-0"]
[WhiteElo "2289"]
[BlackElo "2259"]
[PlyCount "106"]
[EventDate "2023.10.28"]
[EventType "team-tourn"]
[EventRounds "9"]
[EventCountry "HUN"]
[Source "chess.hu"]
[WhiteTeam "ASE Paks"]
[BlackTeam "Duocor-Makoi SVSE"]
[WhiteTeamCountry "HUN"]
[BlackTeamCountry "HUN"]

1. Nf3 d5 2. g3 g6 3. Bg2 Bg7 4. d4 Nf6 5. c4 c6 6. O-O O-O 7. cxd5 cxd5 8. Nc3
b6 9. Ne5 Bb7 10. Qa4 e6 11. Rd1 Nfd7 12. Nxd7 Nxd7 13. Bf4 a6 14. Qb3 Rc8 15.
e4 dxe4 16. Nxe4 Bd5 17. Qa4 Rc4 18. Qxa6 Rxd4 19. Rxd4 Bxd4 20. Qb5 Bxe4 21.
Bxe4 Nc5 22. Bc2 g5 23. Bc1 Qf6 24. Qe2 Rd8 25. Rb1 Rd5 26. Be3 Qe5 27. b4 Nd7
28. Bb3 Rd6 29. Qf3 Bxe3 30. Qxe3 Qxe3 31. fxe3 Ne5 32. Rd1 Rc6 33. Kf2 Ng4+
34. Ke2 Nxh2 35. Rd8+ Kg7 36. b5 Rc5 37. a4 Ng4 38. Rd6 Rc3 39. Bd1 Rxe3+ 40.
Kd2 Rxg3 41. Rxb6 Ne5 42. Rb8 Nc4+ 43. Kc1 Ra3 44. Kb1 g4 45. b6 g3 46. b7 g2
47. Rg8+ Kxg8 48. b8=Q+ Kg7 49. Qh2 Ne3 50. Bf3 Rb3+ 51. Ka2 Rd3 52. Bxg2 Nc4
53. Qg1 Kf6 1-0

[Event "Szuperliga - GM Szabo Laszlo"]
[Site "Paks"]
[Date "2024.03.03"]
[Round "5.9"]
[White "Mihok-Juhasz, Barbara"]
[Black "Tancsa, Tamas"]
[Result "1-0"]
[WhiteElo "2247"]
[BlackElo "2273"]
[PlyCount "93"]
[EventDate "2023.10.28"]
[EventType "team-tourn"]
[EventRounds "9"]
[EventCountry "HUN"]
[Source "chess.hu"]
[WhiteTeam "Duocor-Makoi SVSE"]
[BlackTeam "ASE Paks"]
[WhiteTeamCountry "HUN"]
[BlackTeamCountry "HUN"]

1. e4 e5 2. Nf3 Nc6 3. Bb5 a6 4. Ba4 Nf6 5. O-O Be7 6. Re1 b5 7. Bb3 O-O 8. a4
b4 9. d3 d6 10. h3 Be6 11. Nbd2 Bxb3 12. Nxb3 d5 13. exd5 Qxd5 14. Bg5 Rfe8 15.
Qe2 Nd7 16. Bxe7 Rxe7 17. Qe4 Qd6 18. Nfd2 Nc5 19. Nxc5 Qxc5 20. Nb3 Qb6 21.
Re3 Rd8 22. Rae1 g6 23. Qh4 Rde8 24. d4 Kg7 25. d5 Nb8 26. Qc4 Qd6 27. Nc5 a5
28. Ne4 Qb6 29. Rd1 Rd8 30. Red3 f5 31. Nc5 e4 32. R3d2 Rd6 33. c3 Nd7 34. Ne6+
Kg8 35. cxb4 axb4 36. Qxc7 Qxc7 37. Nxc7 Nc5 38. Nb5 Ra6 39. Rc2 Nd3 40. d6 Rd7
41. b3 Kf7 42. Rc8 Kf6 43. f3 Ke5 44. fxe4 fxe4 45. Re8+ Kf4 46. Rf1+ Ke3 47.
Rf3+ 1-0

[Event "Szuperliga - GM Szabo Laszlo"]
[Site "Paks"]
[Date "2024.03.03"]
[Round "5.10"]
[White "Bodrogi, Bendeguz"]
[Black "Meszaros-Csonka, David"]
[Result "1-0"]
[WhiteElo "2316"]
[BlackElo "1941"]
[PlyCount "109"]
[EventDate "2023.10.28"]
[EventType "team-tourn"]
[EventRounds "9"]
[EventCountry "HUN"]
[Source "chess.hu"]
[WhiteTeam "ASE Paks"]
[BlackTeam "Duocor-Makoi SVSE"]
[WhiteTeamCountry "HUN"]
[BlackTeamCountry "HUN"]

1. Nf3 d5 2. g3 Nf6 3. Bg2 c6 4. O-O Bf5 5. d3 h6 6. c4 e6 7. Qb3 Qb6 8. Qc2
Be7 9. cxd5 exd5 10. Nc3 Na6 11. e4 Bg4 12. exd5 Nb4 13. Qa4 Nxd3 14. dxc6 Qxc6
15. Qxc6+ bxc6 16. Nd4 O-O 17. Nxc6 Bc5 18. h3 Bd7 19. Na4 Bxc6 20. Bxc6 Rac8
21. Nxc5 Nxc5 22. Bf3 Nd3 23. Be3 Nxb2 24. Bxa7 Rc3 25. Kg2 Rfc8 26. a4 Nc4 27.
Bd4 Rxf3 28. Kxf3 Nd2+ 29. Ke2 Nxf1 30. Bxf6 gxf6 31. Kxf1 Kf8 32. a5 Ke7 33.
a6 Kd6 34. Ke2 Ra8 35. a7 Ke5 36. Kf3 f5 37. Ra6 h5 38. h4 f4 39. Ra5+ Kf6 40.
Kxf4 Kg6 41. Ra6+ f6 42. Ra5 Kh6 43. Kf5 Kg7 44. Ra6 Kh6 45. f3 Rxa7 46. Rxf6+
Kg7 47. Kg5 Ra3 48. Rf5 Ra2 49. Kxh5 Rg2 50. g4 Ra2 51. Rb5 Rf2 52. Rb7+ Kf8
53. Kg6 Rxf3 54. Rb8+ Ke7 55. g5 1-0

[Event "Szuperliga - GM Szabo Laszlo"]
[Site "Nagykanizsa"]
[Date "2024.03.03"]
[Round "5.1"]
[White "Kozul, Zdenko"]
[Black "Volokitin, Andrei"]
[Result "0-1"]
[WhiteElo "2529"]
[BlackElo "2667"]
[PlyCount "98"]
[EventDate "2023.10.28"]
[EventType "team-tourn"]
[EventRounds "9"]
[EventCountry "HUN"]
[Source "chess.hu"]
[WhiteTeam "Haladas VSE"]
[BlackTeam "Tuxera ANSK"]
[WhiteTeamCountry "HUN"]
[BlackTeamCountry "HUN"]

1. d4 Nf6 2. c4 e6 3. g3 Bb4+ 4. Bd2 Be7 5. Bg2 d5 6. Nf3 O-O 7. O-O c6 8. Qc2
Nbd7 9. Rd1 b6 10. a4 a5 11. cxd5 cxd5 12. Nc3 Ba6 13. Nb5 Rc8 14. Qb3 Ne4 15.
Bf4 Bb4 16. h4 h6 17. Ne5 Nxe5 18. dxe5 Nc5 19. Qf3 Nxa4 20. Nd4 Nxb2 21. Qg4
Kh7 22. Be4+ dxe4 23. Nxe6 fxe6 24. Rxd8 Rfxd8 25. Be3 Nc4 26. Qxe4+ Kh8 27.
Bf4 Bc3 28. Ra2 Rc7 29. Kh2 Bb7 30. Qg6 Bxe5 31. Bxe5 Nxe5 32. Qxe6 Nc4 33. g4
Bd5 34. Qg6 Bf7 35. Qb1 Rc5 36. f4 b5 37. g5 Nd2 38. Qg1 Nf1+ 39. Kg2 Bd5+ 40.
Kf2 Bxa2 41. gxh6 Rg8 42. Qxf1 Rc4 43. Qa1 Rxf4+ 44. Ke3 Ra4 45. Qe5 Rxh4 46.
hxg7+ Rxg7 47. Qxb5 a4 48. Qb2 Bg8 49. Kd2 Rh3 0-1

[Event "Szuperliga - GM Szabo Laszlo"]
[Site "Nagykanizsa"]
[Date "2024.03.03"]
[Round "5.2"]
[White "Gledura, Benjamin"]
[Black "Hera, Imre Jr"]
[Result "1/2-1/2"]
[WhiteElo "2616"]
[BlackElo "2544"]
[PlyCount "82"]
[EventDate "2023.10.28"]
[EventType "team-tourn"]
[EventRounds "9"]
[EventCountry "HUN"]
[Source "chess.hu"]
[WhiteTeam "Tuxera ANSK"]
[BlackTeam "Haladas VSE"]
[WhiteTeamCountry "HUN"]
[BlackTeamCountry "HUN"]

1. e4 e5 2. Nf3 Nf6 3. d4 Nxe4 4. Bd3 d5 5. dxe5 Nc5 6. Be2 Be7 7. O-O O-O 8.
Be3 c6 9. Na3 Nbd7 10. c4 Nb6 11. b4 Ne6 12. Qb3 dxc4 13. Bxc4 Nxc4 14. Nxc4
Nc7 15. Rad1 Nd5 16. Bc5 Bg4 17. Rfe1 Bxc5 18. bxc5 b6 19. h3 Bxf3 20. Qxf3
bxc5 21. Qa3 Qe7 22. Nd6 c4 23. Qc5 Nf4 24. Qxc4 Qg5 25. g3 Ne6 26. Qxc6 Qg6
27. h4 Rab8 28. Qc3 Qg4 29. Kh2 f5 30. f3 Qg6 31. Re2 f4 32. g4 Qh6 33. h5 Kh8
34. Kg2 Qg5 35. Qc4 Qh4 36. Qxe6 Qg3+ 37. Kf1 Qxf3+ 38. Ke1 Qg3+ 39. Kf1 Qf3+
40. Ke1 Qg3+ 41. Kf1 Qf3+ 1/2-1/2

[Event "Szuperliga - GM Szabo Laszlo"]
[Site "Nagykanizsa"]
[Date "2024.03.03"]
[Round "5.3"]
[White "Ruck, Robert"]
[Black "Balogh, Csaba"]
[Result "1/2-1/2"]
[WhiteElo "2534"]
[BlackElo "2544"]
[PlyCount "64"]
[EventDate "2023.10.28"]
[EventType "team-tourn"]
[EventRounds "9"]
[EventCountry "HUN"]
[Source "chess.hu"]
[WhiteTeam "Haladas VSE"]
[BlackTeam "Tuxera ANSK"]
[WhiteTeamCountry "HUN"]
[BlackTeamCountry "HUN"]

1. d4 Nf6 2. c4 e6 3. Nf3 Bb4+ 4. Bd2 Bxd2+ 5. Qxd2 d5 6. e3 O-O 7. Nc3 Qe7 8.
Bd3 dxc4 9. Bxc4 c5 10. O-O Rd8 11. Qc2 cxd4 12. Nxd4 Bd7 13. Rfd1 Nc6 14. Nxc6
Bxc6 15. Rxd8+ Rxd8 16. Rd1 a6 17. a3 Rxd1+ 18. Qxd1 Qd7 19. Qxd7 Nxd7 20. e4
g5 21. f3 Kf8 22. Kf2 Ke7 23. Ke3 Kd6 24. b4 Ne5 25. Be2 Ng6 26. Kd4 f5 27.
exf5 exf5 28. g3 Ne5 29. Ke3 Ng6 30. Kd4 Ne5 31. Ke3 Ng6 32. Kd4 Ne5 1/2-1/2

[Event "Szuperliga - GM Szabo Laszlo"]
[Site "Nagykanizsa"]
[Date "2024.03.03"]
[Round "5.4"]
[White "Antal, Gergely"]
[Black "Jankovic, Alojzije"]
[Result "1/2-1/2"]
[WhiteElo "2586"]
[BlackElo "2550"]
[PlyCount "84"]
[EventDate "2023.10.28"]
[EventType "team-tourn"]
[EventRounds "9"]
[EventCountry "HUN"]
[Source "chess.hu"]
[WhiteTeam "Tuxera ANSK"]
[BlackTeam "Haladas VSE"]
[WhiteTeamCountry "HUN"]
[BlackTeamCountry "HUN"]

1. e4 c5 2. Nf3 d6 3. Bb5+ Bd7 4. Bxd7+ Qxd7 5. d4 Nf6 6. e5 dxe5 7. dxe5 Qxd1+
8. Kxd1 Ng4 9. Ke2 Nc6 10. Bf4 g5 11. Bxg5 Bg7 12. Bf4 O-O-O 13. Re1 Ngxe5 14.
Nxe5 Nxe5 15. Bxe5 Bxe5 16. c3 h5 17. Kf1 Bf6 18. Na3 Kc7 19. Rad1 Kc6 20. Nc4
Rxd1 21. Rxd1 b5 22. Ne3 e6 23. Ke2 Rg8 24. f4 h4 25. Kf3 Be7 26. Ng4 Bd6 27.
Rd2 a5 28. Ne3 a4 29. c4 bxc4 30. Nxc4 Bc7 31. Ne5+ Bxe5 32. fxe5 Rg5 33. Kf4
Rf5+ 34. Kg4 Rxe5 35. Kxh4 c4 36. a3 Rd5 37. Rf2 f5 38. Kg5 Rd4 39. h4 Kd5 40.
h5 Rg4+ 41. Kf6 Rh4 42. Kg5 Rg4+ 1/2-1/2

[Event "Szuperliga - GM Szabo Laszlo"]
[Site "Nagykanizsa"]
[Date "2024.03.03"]
[Round "5.5"]
[White "Nemeth, Miklos"]
[Black "Markus, Robert"]
[Result "0-1"]
[WhiteElo "2440"]
[BlackElo "2595"]
[PlyCount "72"]
[EventDate "2023.10.28"]
[EventType "team-tourn"]
[EventRounds "9"]
[EventCountry "HUN"]
[Source "chess.hu"]
[WhiteTeam "Haladas VSE"]
[BlackTeam "Tuxera ANSK"]
[WhiteTeamCountry "HUN"]
[BlackTeamCountry "HUN"]

1. e4 e6 2. d4 d5 3. e5 c5 4. c3 Nc6 5. Nf3 Bd7 6. Bd3 Rc8 7. O-O cxd4 8. a3
dxc3 9. Nxc3 a6 10. h4 Bc5 11. Bf4 Nge7 12. Rc1 Ba7 13. Re1 b5 14. Bb1 h6 15.
h5 b4 16. axb4 Qb6 17. Qd2 Qxb4 18. Bd3 Rb8 19. Bxa6 Na5 20. Nd1 Nb3 21. Qxb4
Rxb4 22. Rc3 Nc6 23. g3 g5 24. hxg6 fxg6 25. Bd2 Nxd2 26. Nxd2 Ke7 27. Nf3 g5
28. Bf1 Rf8 29. Ra3 Bb6 30. Kg2 Be8 31. Be2 g4 32. Nd2 Nxe5 33. b3 Bc6 34. Kg1
Rd4 35. Ra2 Rxd2 36. Rxd2 Ba5 0-1